HYDROTURBO 76 : konference, Brno, 12-14.10.1976 : sborník přednášek. [Část] E-F /

Korporativní autor: Česká vodohospodářská společnost
Další autoři: Hydroturbo (konference)
Jazyk: Čeština
Vydáno: Brno : Dům techniky ČVTS, 1976
Vydání: 1. vyd.
Fyzický popis: [263] s. ; 8°
Language note: Anglické, francouzské, německé a ruské resumé
Knihy
Uloženo v:
LEADER 00965nam^a22002532a^4500
001 000849171
003 CZ BrMZK
005 20070427132507.0
007 ta
008 070426s1976 xr er|||||||||||cze d
040 |a ABA001  |b cze  |c HKA001  |d ABA001  |d BOA001 
080 9 |a 621.22(082) 
111 2 |a Hydroturbo (konference)  |d (1976 :  |c Brno, Česko)  |7 ko2004246136 
245 1 0 |a HYDROTURBO 76 :  |b konference, Brno, 12-14.10.1976 : sborník přednášek.  |n [Část] E-F /  |c [poř. ČVTS-společ. vodohosp., Praha] 
250 |a 1. vyd. 
260 |a Brno :  |b Dům techniky ČVTS,  |c 1976  |e (Blansko :  |f ČKD) 
300 |a [263] s. ;  |c 8° 
504 |a Obsahuje bibliografie 
546 |a Anglické, francouzské, německé a ruské resumé 
710 2 |a Česká vodohospodářská společnost  |7 ko2006325598 
910 |a BOA001  |b 2-0763.376,E-F 
990 |a BK 
991 |b 200704 
996 6 |b 2619235629  |c 2-0763.376,E-F  |l MZK  |r Sklad / do 1 hodiny  |n 1  |w 000849171  |u 000010  |a 1  |e BOA001  |j MZK50  |s P